LDR 00683naa#a2200193#i#450# 001 EN\\bibl\114905 005 20260603054040.3 011 ## _a2588-0209 100 ## _a20260227b2026####ek#y0engy0150####ca 102 ## _aRU 200 1# _aA COMPREHENSIVE ASSESSMENT OF SUCCESSIONAL DYNAMICS IN FOREST PLANT COMMUNITIES (CASE STUDY OF THE VORONEZH «FOR&ST CARBON» POLYGON) _eJournal article 210 1# _aMoscow _cElectronic science _d2026 215 ## _a12 с. 608 ## _aJournal article _2local 675 ## _aЛесное хозяйство. Лесоводство. 630 _z 700 #1 _aParahnevich _gT. M. 700 #1 _aKirik _gAndrey Igorevich 700 #1 _aParakhnevich _gAndrey Igorevich 856 4# _aiacj.ru _u